000 00475nam a2200193 a 4500
001 1767350283982
003 ACL
005 20260102160959.0
008 260102s2006##################000#0#eng##
020 _a9781844832699
082 0 4 _a641.56383
_bHUN
100 1 _aHunter, Fiona,
_eauthor.
245 1 0 _a101 Fantastic GI Recipes :
260 _bDuncan Baird Publishers,
_c2006.
300 _a100 pages
650 0 _aFood.
942 _cENGLISH
040 _aACL
_beng
_cACL
999 _c606798
_d606798